| 000 | | | 05833nac2a22003973x 450 |
| 001 | | | 4431f16a-aced-4722-bf62-63ab3fcd2441 |
| 005 | | | 20240723144516.0 |
| 100 | ## | $a | 20240716l18801885k y0rusy50 ca |
| 101 | 0# | $a | rus |
| 102 | ## | $a | RU |
| 105 | ## | $a | y z |||e| |
| 122 | 2# | $a | d18801231 |
| | $a | d18851231 |
| 200 | 1# | $a | Письма кн. Юрьевской (Долгоруковой) Екатерины к Лорис-Меликову М. Т. |
| | $j | 1880 - 1885 |
| 215 | ## | $a | 5 листов |
| | $d | 33,6 х 22,6 |
| 251 | ## | $c | Дело |
| 300 | ## | $a | Заголовок дела на папке: Письма кн. Юрьевской Екатерины (Долгоруковой) Лорис-Меликову М. Т. |
| 300 | ## | $a | В деле имеются телеграммы |
| 300 | ## | $a | Листы: 1 - телеграмма; 2 - оттиск короны с монограммой; 4 - оттиск короны с гербами и лозунгом; 1 - поврежден, надорван по сгибам |
| 300 | ## | $a | На папке дела: 1880, 1885 гг. |
| 300 | ## | $a | Рукописный и типографский текст |
| 325 | ## | $a | Замикрофильмировано |
| 330 | ## | $a | Входит в раздел описи: Разные материалы |
| 461 | #0 | $1 | 001cda3d175-ae4a-411a-8dea-9cc20fb178f6 |
| | $1 | 2001 |
| | $a | Лорис-Меликов Михаил Тариелович, граф, министр внутренних дел, главный начальник "верховной распорядительной комиссии по охранению государственного порядка и общественного спокойствия", генерал от кавалерии |
| | $1 | 251 |
| | $c | Фонд |
| | $1 | 852 |
| | $j | 569 |
| 462 | #0 | $1 | 001163e060a-d7cc-404d-90ee-e28c9801971b |
| | $1 | 2001 |
| | $a | Опись дел фонда М. Т. Лорис-Меликова за 1858-1915 гг. |
| | $v | Д. 288 |
| | $1 | 251 |
| | $c | Опись |
| | $1 | 852 |
| | $j | 1 |
| 517 | 1# | $a | Письма кн. Юрьевской Екатерины (Долгоруковой) Лорис-Меликову М. Т. |
| 600 | #1 | $a | Лорис-Меликов |
| | $b | М. Т. |
| | $g | Михаил Тариелович |
| 600 | #1 | $a | Юрьевская |
| | $b | Е. |
| | $c | Долгорукова, кн. |
| | $g | Екатерина |
| 605 | ## | $3 | DITM\AF\0000002775 |
| | $a | Власть |
| | $l | коллекция |
| | $2 | acquisition_prlib |
| 610 | 1# | $a | Письма |
| 686 | ## | $a | 63.3(2)535-332ю1 |
| | $c | История |
| | $2 | rubbk |
| 686 | ## | $a | 67.400.6ю1 |
| | $c | Право |
| | $2 | rubbk |
| 700 | #1 | $a | Юрьевская |
| | $b | Е. |
| | $c | Долгорукова, кн. |
| | $g | Екатерина |
| 702 | #1 | $a | Лорис-Меликов |
| | $b | М. Т. |
| | $g | Михаил Тариелович |
| | $4 | 660 |
| 801 | #0 | $a | RU |
| | $b | GA_RF |
| 801 | #1 | $a | RU |
| | $b | ГлавНИВЦ |
| | $c | 20240716 |
| | $2 | rusmarc |
| 801 | #2 | $a | RU |
| | $b | ПБ им. Б.Н. Ельцина |
| | $c | 20240723 |
| | $g | RCR |
| | $2 | rusmarc |
| 852 | ## | $a | ГА РФ |
| | $j | 288 |
| 937 | ## | $d | 193079981 |
| | $h | ГАРФ |
| 035 | ## | $a | RuPRLIB51076740 |
| 856 | ## | $u | http://readingroom.main.prlib.ru/item.aspx?id_node=n193079981&mode=full |